Lucknow: (Record no. 159716)

MARC details
000 -LEADER
fixed length control field 00519nam a22001817a 4500
005 - DATE AND TIME OF LATEST TRANSACTION
control field 20190102151946.0
010 ## - LCCN (DPL NO)
LC control number ENG-124622
020 ## - INTERNATIONAL STANDARD BOOK NUMBER
International Standard Book Number 9788192557173
Terms of availability 600.00
035 ## - SYSTEM CONTROL NUMBER
System control number EN-108154
037 ## - SOURCE OF ACQUISITION
Source of stock number/acquisition DBAD/PUB
082 ## - DEWEY DECIMAL CLASSIFICATION NUMBER
Classification number 954.13
100 ## - MAIN ENTRY--PERSONAL NAME
Personal name Verma, Vimal
245 ## - TITLE STATEMENT
Title Lucknow:
Statement of responsibility, etc by Vimal Verma
Remainder of title the city of culture/
260 ## - PUBLICATION, DISTRIBUTION, ETC. (IMPRINT)
Date of publication, distribution, etc 2018
Place of publication, distribution, etc Allahabad
Name of publisher, distributor, etc Anurag Publication
270 ## - ADDRESS
Address 116/70,Lukerganj,
City Allahbad
Postal code 211001
300 ## - PHYSICAL DESCRIPTION
Dimensions 21cm(Hb)
Extent 140p.
Other physical details ill.
942 ## - ADDED ENTRY ELEMENTS (KOHA)
Item type English Books
Source of classification or shelving scheme Dewey Decimal Classification
Call number suffix VER
Classification part 954.13
Holdings
Withdrawn status Lost status Not for loan Collection code Home library Current library Date acquired Source of acquisition Cost, normal purchase price Full call number Barcode Copy number Cost, replacement price Koha item type
    Not For Loan Non-fiction D.B.Act.Division Bawana 03/01/2019 DBAD/PUB 600.00 954.13 VER EN-108154 1 600.00 English Books

© Delhi Public Library
Hit Counter
free hit counter